Tilastot visalle 15 maata, joissa kuoli eniten Covid-19 - 12. toukokuuta

Klikkaa tästä pelataksesi tätä visaa!

Yleistilastot

  • Tätä visaa on pelattu 2 kertaa
  • Keskiarvotulos 16 / 21

Vastaustilastot

maa% Oikein
Brasilia
100%
Espanja
100%
Italia
100%
Kanada
100%
Kiina
100%
Ranska
100%
Ruotsi
100%
Ruotsi
100%
Saksa
100%
Sveitsi
100%
Yhdistynyt
kuningaskunta
100%
Yhdysvallat
100%
Alankomaat
50%
Belgia
50%
Iran
50%
Irlanti
50%
Meksiko
50%
Portugali
50%
Tanska
50%
Turkki
50%
Ecuador
0%

Tulosjakauma

Persentiili vastausten määrän mukaan

Jokaisen tuloksen saaneiden osuus

Tuloshistoriasi

Et ole pelannut tätä visaa